[Event "SV Hemer 1 - SV Welper 1"]
[Site "NRW-Klasse - Gruppe 2 2021/20"]
[Date "2021.12.05"]
[Round "2.1"]
[White "Sohlmann, Jan-Henning"]
[Black "Voicu-Jagodzinsky, Carmen"]
[Result "1-0"]
[WhiteElo "2176"]
[BlackElo "2268"]
[PlyCount "109"]
[EventDate "2021.??.??"]
[SourceVersionDate "2020.03.16"]
[WhiteTeam "SV Welper 1"]
[BlackTeam "SV Hemer 1"]

1. e4 c5 2. Nf3 Nc6 3. Bb5 e6 4. O-O Nge7 5. Re1 a6 6. Bxc6 Nxc6 7. Nc3 d6 8.
d4 cxd4 9. Nxd4 Be7 10. b3 O-O 11. Bb2 Bf6 12. Nxc6 bxc6 13. Na4 Bxb2 14. Nxb2
Qf6 15. e5 dxe5 16. Nd3 e4 17. Rxe4 Rd8 18. Qe1 Bd7 19. Rd1 Be8 20. Qe3 Rd5 21.
Re1 Rad8 22. h3 a5 23. Rc4 h6 24. Ne5 R8d6 25. Qc3 Rd1 26. Rc5 R6d2 27. Qe3 Qd8
28. Nd3 Qd6 29. Rxa5 Kh7 30. Re5 Qa3 31. Qe4+ g6 32. Qa4 Qd6 33. R5e3 Rxe1+ 34.
Nxe1 Rd1 35. Qa5 Ra1 36. a4 c5 37. Qc3 Rc1 38. Qe5 Qd2 39. Re2 Qb4 40. Kh2 c4
41. Re3 Qd2 42. Kg3 g5 43. a5 cxb3 44. cxb3 Bc6 45. Nf3 Qb4 46. Qf6 Kg8 47. Rd3
Bd5 48. Ne5 Rc7 49. a6 Qe4 50. f3 Qe1+ 51. Kh2 Ra7 52. Nc6 Rd7 53. a7 Rxa7 54.
Nxa7 Qa5 55. Nc6 1-0

[Event "SV Hemer 1 - SV Welper 1"]
[Site "NRW-Klasse - Gruppe 2 2021/20"]
[Date "2021.12.05"]
[Round "2.2"]
[White "Runte, Moritz"]
[Black "Fuellgrabe, Thomas"]
[Result "0-1"]
[WhiteElo "2131"]
[BlackElo "2231"]
[PlyCount "56"]
[EventDate "2021.??.??"]
[SourceVersionDate "2020.03.16"]
[WhiteTeam "SV Hemer 1"]
[BlackTeam "SV Welper 1"]

1. e4 c6 2. d4 d5 3. exd5 cxd5 4. Nf3 Nc6 5. Ne5 e6 6. Bb5 Bd7 7. Nxd7 Qxd7 8.
Bf4 Bd6 9. Bg3 Nf6 10. Nc3 a6 11. Be2 b5 12. O-O Bxg3 13. fxg3 Qa7 14. Rf4 e5
15. Rf5 exd4 16. Nxb5 axb5 17. Bxb5 Qb6 18. Bd3 Ne7 19. Re5 Ra7 20. Qf3 O-O 21.
h4 Nc6 22. Rf5 Nb4 23. Rf1 Qe6 24. Kh2 Nxd3 25. cxd3 Rxa2 26. Qf4 h5 27. Qxd4
Ng4+ 28. Kh1 Qe3 0-1

[Event "SV Hemer 1 - SV Welper 1"]
[Site "NRW-Klasse - Gruppe 2 2021/20"]
[Date "2021.12.05"]
[Round "2.3"]
[White "Kemna, Guido"]
[Black "Leonard, Timo"]
[Result "1/2-1/2"]
[WhiteElo "2136"]
[BlackElo "2025"]
[PlyCount "88"]
[EventDate "2021.??.??"]
[SourceVersionDate "2020.03.16"]
[WhiteTeam "SV Welper 1"]
[BlackTeam "SV Hemer 1"]

1. c4 c6 2. g3 d5 3. Qc2 Nf6 4. Bg2 e5 5. d3 Be7 6. Nf3 Nbd7 7. O-O O-O 8. Nbd2
Re8 9. h3 Bc5 10. e3 Bb6 11. a3 a5 12. b3 Nc5 13. Nxe5 Rxe5 14. d4 Rh5 15. dxc5
Bc7 16. Nf3 Bxh3 17. Bxh3 Rxh3 18. Kg2 Qd7 19. Ng1 Rh5 20. f3 Re8 21. Qd3 Rg5
22. Ne2 Rh5 23. Rg1 Qh3+ 24. Kf2 Nd7 25. Bb2 Nxc5 26. Qc2 Qe6 27. Bd4 dxc4 28.
bxc4 Qh6 29. Rg2 Ne6 30. Qb3 Nxd4 31. Nxd4 Rh2 32. f4 Rxg2+ 33. Kxg2 Qg6 34.
Re1 Qe4+ 35. Kf2 b6 36. Qa4 c5 37. Nf3 Rd8 38. Rd1 Qe7 39. Rd5 h6 40. Qc6 Re8
41. Ne5 Rd8 42. Nd7 Re8 43. Ne5 Rd8 44. Nd7 Re8 1/2-1/2

[Event "SV Hemer 1 - SV Welper 1"]
[Site "NRW-Klasse - Gruppe 2 2021/20"]
[Date "2021.12.05"]
[Round "2.4"]
[White "Jagodzinsky, Andreas"]
[Black "Schaller, Fabian"]
[Result "1-0"]
[WhiteElo "2102"]
[BlackElo "2016"]
[PlyCount "51"]
[EventDate "2021.??.??"]
[SourceVersionDate "2020.03.16"]
[WhiteTeam "SV Hemer 1"]
[BlackTeam "SV Welper 1"]

1. d4 e6 2. c4 Nf6 3. Nf3 c5 4. d5 exd5 5. cxd5 d6 6. Nc3 g6 7. e4 Bg7 8. Nd2
O-O 9. Be2 Re8 10. O-O a6 11. a4 Nbd7 12. h3 Rb8 13. Qc2 h6 14. Rb1 g5 15. f4
gxf4 16. Nc4 Ne5 17. Bxf4 Nxc4 18. Bxc4 Qe7 19. e5 Nh5 20. e6 fxe6 21. Qg6 Nxf4
22. Rxf4 e5 23. Re1 exf4 24. Rxe7 Rxe7 25. Qxd6 Bd4+ 26. Kf1 1-0

[Event "SV Hemer 1 - SV Welper 1"]
[Site "NRW-Klasse - Gruppe 2 2021/20"]
[Date "2021.12.05"]
[Round "2.5"]
[White "Linde, Wolfgang"]
[Black "Stoering, Marc"]
[Result "1-0"]
[WhiteElo "2107"]
[BlackElo "1917"]
[PlyCount "63"]
[EventDate "2021.??.??"]
[SourceVersionDate "2020.03.16"]
[WhiteTeam "SV Welper 1"]
[BlackTeam "SV Hemer 1"]

1. d4 d5 2. Nf3 c6 3. c4 e6 4. e3 f5 5. Be2 Nf6 6. O-O Bd6 7. b3 Qe7 8. a4 O-O
9. Ba3 Bxa3 10. Nxa3 Bd7 11. Nc2 Be8 12. Nce1 Bh5 13. Ne5 Bxe2 14. Qxe2 Nbd7
15. N1d3 Nxe5 16. Nxe5 Nd7 17. Nd3 dxc4 18. bxc4 e5 19. Qb2 e4 20. Nf4 Rab8 21.
a5 g5 22. Ne2 f4 23. exf4 gxf4 24. f3 Rf6 25. Rae1 c5 26. Nc3 Qg7 27. Nd5 Ra6
28. Rxe4 Nf6 29. Re7 Qf8 30. Qb1 Re8 31. Nxf6+ Qxf6 32. Rxe8+ 1-0

[Event "SV Hemer 1 - SV Welper 1"]
[Site "NRW-Klasse - Gruppe 2 2021/20"]
[Date "2021.12.05"]
[Round "2.6"]
[White "Lamek, Dirk"]
[Black "Conrad, Joachim"]
[Result "0-1"]
[WhiteElo "1835"]
[BlackElo "1997"]
[PlyCount "50"]
[EventDate "2021.??.??"]
[SourceVersionDate "2020.03.16"]
[WhiteTeam "SV Hemer 1"]
[BlackTeam "SV Welper 1"]

1. e4 d6 2. Be2 Nf6 3. d3 e5 4. f4 Nc6 5. Nf3 Bg4 6. c3 Qd7 7. O-O O-O-O 8. b4
Bxf3 9. Bxf3 exf4 10. Bxf4 Ne5 11. Be2 Kb8 12. Nd2 h5 13. Bxe5 dxe5 14. Nc4 Qe6
15. Kh1 Nxe4 16. Qb3 Nf6 17. Bf3 Bd6 18. Bxb7 Kxb7 19. Na5+ Kc8 20. Qa4 Rdf8
21. Nc6 Be7 22. Rfe1 Ng4 23. Nxa7+ Kb7 24. b5 Qb6 25. Qe4+ Kxa7 0-1

[Event "SV Hemer 1 - SV Welper 1"]
[Site "NRW-Klasse - Gruppe 2 2021/20"]
[Date "2021.12.05"]
[Round "2.7"]
[White "Schaller, Torsten"]
[Black "Naumenko, Valerija"]
[Result "1/2-1/2"]
[WhiteElo "1893"]
[BlackElo "1743"]
[PlyCount "102"]
[EventDate "2021.??.??"]
[SourceVersionDate "2020.03.16"]
[WhiteTeam "SV Welper 1"]
[BlackTeam "SV Hemer 1"]

1. d4 d5 2. c4 e6 3. Nc3 Nf6 4. cxd5 exd5 5. Bg5 Be7 6. e3 c6 7. Bd3 O-O 8. Qc2
Nbd7 9. Nf3 h6 10. Bh4 Re8 11. O-O Nh5 12. Bxe7 Qxe7 13. Rab1 Nhf6 14. b4 a6
15. Na4 Ne4 16. Nc5 Ndf6 17. Ne5 Nd6 18. Rfe1 Ng4 19. Nxg4 Bxg4 20. f3 Bc8 21.
e4 Qg5 22. Qc1 Qh4 23. g3 Qd8 24. e5 Nb5 25. Nb3 h5 26. a4 Nc7 27. f4 f5 28.
exf6 Qxf6 29. Re5 Rxe5 30. dxe5 Qf8 31. Nd4 Bh3 32. Qc2 Re8 33. Bg6 Re7 34.
Bxh5 Ne6 35. Nxe6 Rxe6 36. Bg6 Rxg6 37. Qxg6 Bf5 38. Qd6 Bxb1 39. Qe6+ Kh8 40.
Qh3+ Bh7 41. Qd7 Qf5 42. Qd8+ Bg8 43. Qh4+ Qh7 44. Qd8 Qh5 45. e6 Qd1+ 46. Kf2
Qd2+ 47. Kf1 Qd3+ 48. Kf2 Qd4+ 49. Kf1 Qd3+ 50. Kf2 Qd4+ 51. Kf1 Qd3+ 1/2-1/2

[Event "SV Hemer 1 - SV Welper 1"]
[Site "NRW-Klasse - Gruppe 2 2021/20"]
[Date "2021.12.05"]
[Round "2.8"]
[White "Zuleger, Detlev"]
[Black "Sondermann, Dirk"]
[Result "1/2-1/2"]
[WhiteElo "1703"]
[BlackElo "1824"]
[PlyCount "122"]
[EventDate "2021.??.??"]
[SourceVersionDate "2020.03.16"]
[WhiteTeam "SV Hemer 1"]
[BlackTeam "SV Welper 1"]

1. e4 Nc6 2. d4 d5 3. e5 Bf5 4. c3 e6 5. Be3 f6 6. f4 fxe5 7. dxe5 Nh6 8. Be2
Be7 9. Bh5+ g6 10. Bf3 O-O 11. Ne2 Bg4 12. Ng3 Bxf3 13. Qxf3 Nxe5 14. Qe2 Nc4
15. Bd4 Qd7 16. b3 Nb6 17. O-O Bd6 18. Be5 Bxe5 19. Qxe5 Rae8 20. Nd2 Nf7 21.
Qd4 Qd6 22. Nf3 c5 23. Qd2 Nd7 24. Rad1 Qc7 25. Rde1 Nb8 26. Re2 Nc6 27. Rfe1
Qd7 28. Ne4 Qe7 29. Neg5 Nxg5 30. Nxg5 Qd6 31. Rxe6 Rxe6 32. Nxe6 Re8 33. Ng5
Rxe1+ 34. Qxe1 Qe7 35. Qd2 d4 36. h3 Qd6 37. cxd4 Qxd4+ 38. Qxd4 Nxd4 39. Kf2
h6 40. Nf3 Ne6 41. Ke3 Kg7 42. Ke4 Kf6 43. g4 b6 44. h4 Nc7 45. g5+ hxg5 46.
fxg5+ Kg7 47. Ke5 Nb5 48. a4 Nc3 49. Kd6 c4 50. bxc4 Nxa4 51. Ne5 Nc5 52. Kc6
Kh7 53. Kb5 Kg7 54. Nc6 Ne4 55. Nxa7 Nd6+ 56. Kb4 Nf5 57. Nc8 Nxh4 58. Kb5 Nf3
59. Kxb6 Nxg5 60. Nd6 Ne6 61. Kc6 Kf6 1/2-1/2

[Event "SK Münster 2 - SV Hemer 1"]
[Site "NRW-Klasse - Gruppe 2 2021/20"]
[Date "2021.12.19"]
[Round "3.1"]
[White "Voicu-Jagodzinsky, Carmen"]
[Black "Kamp, Christoph"]
[Result "1/2-1/2"]
[WhiteElo "2268"]
[BlackElo "2210"]
[PlyCount "109"]
[EventDate "2021.??.??"]
[SourceVersionDate "2020.03.16"]
[WhiteTeam "SV Hemer 1"]
[BlackTeam "SK Münster 2"]

1. e4 e6 2. d4 d5 3. Nc3 Bb4 4. exd5 exd5 5. Bd3 Nf6 6. Nge2 O-O 7. O-O Re8 8.
Bg5 c6 9. a3 Be7 10. Ng3 g6 11. Qd2 Nbd7 12. Rae1 Nf8 13. Nce2 Ne6 14. Bf4 Bd7
15. Be5 Ng4 16. c3 f6 17. Bf4 f5 18. f3 Nxf4 19. Nxf4 Nf6 20. Ne6 Bxe6 21. Rxe6
Bf8 22. Rfe1 Rxe6 23. Rxe6 Kf7 24. Re2 Qd6 25. Re5 Nd7 26. Re1 Re8 27. Rxe8
Kxe8 28. Qe3+ Qe7 29. Nf1 Kf7 30. Qxe7+ Kxe7 31. Kf2 Bh6 32. Ne3 Nb6 33. b3 Bg7
34. g4 fxg4 35. fxg4 Nd7 36. Kf3 Ke6 37. Ng2 c5 38. Nf4+ Kd6 39. Ne2 b6 40. g5
Nf8 41. h4 Ne6 42. dxc5+ Nxc5 43. Bc2 Ne6 44. Kg4 Bf8 45. b4 Ke5 46. Ng1 Kd6
47. h5 gxh5+ 48. Kxh5 Bg7 49. Ne2 Nf8 50. Bd3 a5 51. a4 Ke5 52. Bc2 Kd6 53. Bd3
Ke5 54. Bc2 Kd6 55. Bd3 1/2-1/2

[Event "SK Münster 2 - SV Hemer 1"]
[Site "NRW-Klasse - Gruppe 2 2021/20"]
[Date "2021.12.19"]
[Round "3.2"]
[White "Wichtrup, Jan-Louis"]
[Black "Runte, Moritz"]
[Result "1/2-1/2"]
[WhiteElo "2145"]
[BlackElo "2131"]
[PlyCount "50"]
[EventDate "2021.??.??"]
[SourceVersionDate "2020.03.16"]
[WhiteTeam "SK Münster 2"]
[BlackTeam "SV Hemer 1"]

1. d4 d5 2. c4 c6 3. cxd5 cxd5 4. Nc3 Nf6 5. Bf4 Nc6 6. e3 a6 7. Be2 Bf5 8. Nf3
Rc8 9. O-O e6 10. Qb3 b5 11. Nxb5 axb5 12. Bxb5 Nd7 13. Rfc1 e5 14. Bxc6 exf4
15. Ne5 fxe3 16. Qxd5 exf2+ 17. Kxf2 Qf6 18. Kg1 Bd6 19. Bb5 Rxc1+ 20. Rxc1 O-O
21. Nxd7 Qh6 22. Rc3 Qxh2+ 23. Kf1 Qh1+ 24. Kf2 Qh4+ 25. Kf1 Qh1+ 1/2-1/2

[Event "SK Münster 2 - SV Hemer 1"]
[Site "NRW-Klasse - Gruppe 2 2021/20"]
[Date "2021.12.19"]
[Round "3.3"]
[White "Leonard, Timo"]
[Black "Quante, Lennart"]
[Result "1/2-1/2"]
[WhiteElo "2036"]
[BlackElo "2104"]
[PlyCount "131"]
[EventDate "2021.??.??"]
[SourceVersionDate "2020.03.16"]
[WhiteTeam "SV Hemer 1"]
[BlackTeam "SK Münster 2"]

1. d4 Nf6 2. c4 g6 3. Nc3 d5 4. Nf3 Bg7 5. Qb3 dxc4 6. Qxc4 O-O 7. e4 Be6 8.
Qa4 a6 9. Be2 Bg4 10. Be3 Nc6 11. Rd1 Nd7 12. Qb3 Nb6 13. d5 Ne5 14. Nxe5 Bxe2
15. Nxe2 Bxe5 16. f4 Bg7 17. e5 Qd7 18. O-O Qa4 19. Qxa4 Nxa4 20. b3 Nb6 21. d6
exd6 22. exd6 Rfe8 23. Bxb6 cxb6 24. d7 Rxe2 25. d8=Q+ Rxd8 26. Rxd8+ Bf8 27.
f5 gxf5 28. Rf3 f6 29. a4 Re5 30. Rc3 Kf7 31. Rc7+ Be7 32. Rdd7 b5 33. axb5
axb5 34. Kf2 b6 35. Kf3 Re4 36. Rb7 Ke8 37. Rdc7 Kd8 38. Rd7+ Ke8 39. Rdc7 Kd8
40. h3 h5 41. Ra7 Ke8 42. Rcb7 b4 43. Rxb6 Re5 44. Kf4 Kf8 45. Rb8+ Kf7 46.
Rxb4 Kg6 47. Rbb7 Bf8 48. Kf3 Bh6 49. Ra8 f4 50. b4 Bg5 51. Ra3 Re1 52. Rb3
Rf1+ 53. Ke2 Rg1 54. Kf2 Rh1 55. Rb2 Kf5 56. Rc7 Ke4 57. Re7+ Kd3 58. Rd7+ Ke4
59. Re2+ Kf5 60. Rd5+ Kg6 61. Rxg5+ fxg5 62. Rb2 g4 63. hxg4 hxg4 64. b5 f3 65.
b6 fxg2 66. Kxg2 1/2-1/2

[Event "SK Münster 2 - SV Hemer 1"]
[Site "NRW-Klasse - Gruppe 2 2021/20"]
[Date "2021.12.19"]
[Round "3.4"]
[White "Boesel, Alexander"]
[Black "Jagodzinsky, Andreas"]
[Result "1-0"]
[WhiteElo "2007"]
[BlackElo "2102"]
[PlyCount "105"]
[EventDate "2021.??.??"]
[SourceVersionDate "2020.03.16"]
[WhiteTeam "SK Münster 2"]
[BlackTeam "SV Hemer 1"]

1. e4 c6 2. d4 d5 3. Nd2 dxe4 4. Nxe4 Nf6 5. Nxf6+ exf6 6. c3 Bd6 7. Bd3 O-O 8.
Qc2 Re8+ 9. Ne2 h5 10. O-O Qc7 11. h3 Nd7 12. Ng3 h4 13. Nf5 Nf8 14. Nxh4 g6
15. Bd2 Kg7 16. Rae1 Bd7 17. c4 Ne6 18. Bxg6 Bh2+ 19. Kh1 Rh8 20. Bxf7 Nf8 21.
Ng6 Kxf7 22. Nxh8+ Kg7 23. Re7+ Kxh8 24. Bh6 Bd6 25. Bxf8 Bxe7 26. Bxe7 Kg7 27.
Qd3 Re8 28. Bb4 Qf4 29. Bd2 Bf5 30. Qc3 Qh4 31. Bc1 Re2 32. Qf3 Be4 33. Qg4+
Qxg4 34. hxg4 Bd3 35. c5 Re4 36. Rd1 Bc2 37. f3 Bxd1 38. fxe4 Bxg4 39. Kh2 Bd1
40. Kg3 Kf7 41. d5 cxd5 42. exd5 Bc2 43. Kf4 f5 44. Ke5 Ke7 45. c6 bxc6 46.
dxc6 a5 47. Bg5+ Ke8 48. g3 Be4 49. Kd6 a4 50. b4 axb3 51. axb3 Bd3 52. b4 Ba6
53. Kc5 1-0

[Event "SK Münster 2 - SV Hemer 1"]
[Site "NRW-Klasse - Gruppe 2 2021/20"]
[Date "2021.12.19"]
[Round "3.5"]
[White "Klueting, Reiner"]
[Black "Kamp, Adrian"]
[Result "1/2-1/2"]
[WhiteElo "1854"]
[BlackElo "2013"]
[PlyCount "29"]
[EventDate "2021.??.??"]
[SourceVersionDate "2020.03.16"]
[WhiteTeam "SV Hemer 1"]
[BlackTeam "SK Münster 2"]

1. e4 c5 2. Nf3 Nc6 3. Bb5 d6 4. Bxc6+ bxc6 5. O-O g6 6. e5 Bg7 7. exd6 exd6 8.
Re1+ Ne7 9. Qe2 h6 10. c3 Be6 11. d4 c4 12. Nbd2 d5 13. b3 Qa5 14. Bb2 Rb8 15.
Ne5 1/2-1/2

[Event "SK Münster 2 - SV Hemer 1"]
[Site "NRW-Klasse - Gruppe 2 2021/20"]
[Date "2021.12.19"]
[Round "3.6"]
[White "Weidemann, Jakob"]
[Black "Trinh, Fabian Dat"]
[Result "1-0"]
[WhiteElo "2036"]
[BlackElo "1891"]
[PlyCount "131"]
[EventDate "2021.??.??"]
[SourceVersionDate "2020.03.16"]
[WhiteTeam "SK Münster 2"]
[BlackTeam "SV Hemer 1"]

1. e4 e5 2. Nf3 Nc6 3. Bc4 Bc5 4. O-O Nf6 5. d3 O-O 6. h3 h6 7. Re1 d6 8. c3 a6
9. Bb3 Ba7 10. Nbd2 Re8 11. Nf1 Ne7 12. Nh4 d5 13. Qf3 Qd6 14. Ng3 dxe4 15.
Nxe4 Nxe4 16. Qxf7+ Kh7 17. dxe4 Bxh3 18. Rd1 Rf8 19. Rxd6 Rxf7 20. Rxh6+ gxh6
21. Bxf7 Rf8 22. gxh3 Rxf7 23. Be3 Bxe3 24. fxe3 Ng8 25. Kg2 Nf6 26. Rf1 Kg7
27. Nf5+ Kg6 28. Nh4+ Kg7 29. Rf5 Re7 30. Nf3 Nd7 31. h4 Rf7 32. Rh5 Re7 33.
Kh3 Re6 34. Rf5 Rf6 35. Kg4 Rg6+ 36. Kh3 Rf6 37. Kg3 Rg6+ 38. Kf2 Rf6 39. Ke2
b5 40. Kd2 c5 41. c4 Rxf5 42. exf5 e4 43. Nh2 Ne5 44. cxb5 axb5 45. b3 b4 46.
Nf1 Nf3+ 47. Ke2 Kf6 48. Ng3 Ke5 49. f6 Nxh4 50. f7 Ng6 51. Kf2 Kd5 52. Nf5 Nf8
53. Nxh6 c4 54. bxc4+ Kxc4 55. Nf5 Kc3 56. Nd6 Kb2 57. Nxe4 Kxa2 58. Nd2 b3 59.
e4 b2 60. Ke3 b1=Q 61. Nxb1 Kxb1 62. e5 Kc2 63. Kd4 Kb3 64. Kd5 Kb4 65. e6 Ng6
66. Kd6 1-0

[Event "SK Münster 2 - SV Hemer 1"]
[Site "NRW-Klasse - Gruppe 2 2021/20"]
[Date "2021.12.19"]
[Round "3.7"]
[White "Poggemann, Alexander"]
[Black "Kamp, Aaron"]
[Result "1/2-1/2"]
[WhiteElo "1802"]
[BlackElo "1928"]
[Annotator "daniel"]
[PlyCount "100"]
[EventDate "2021.??.??"]
[SourceVersionDate "2020.03.16"]
[WhiteTeam "SV Hemer 1"]
[BlackTeam "SK Münster 2"]

1. e4 c5 2. c3 Nf6 3. e5 Nd5 4. Nf3 Nc6 5. d4 cxd4 6. cxd4 d6 7. Bc4 dxe5 8.
Nxe5 Nxe5 9. dxe5 e6 10. O-O Be7 11. Qg4 Kf8 12. Nc3 Nxc3 13. bxc3 Qc7 14. Re1
h5 15. Qd4 Bd7 16. Be3 Rd8 17. Bb3 h4 18. h3 Bc6 19. Qf4 Bd5 20. Red1 Rh5 21.
Bxd5 exd5 22. Bd4 g6 23. Qe3 Bg5 24. f4 Bh6 25. e6 Re8 26. e7+ Kg8 27. Be5 Qxe7
28. Rxd5 f6 29. Qd3 Rf5 30. Bd6 Qe3+ 31. Qxe3 Rxe3 32. Rxf5 gxf5 33. Rc1 Re4
34. Rf1 $11 Rc4 35. Rf3 Kf7 36. Re3 Bxf4 37. Re7+ Kg6 38. Bxf4 Rxf4 39. Rxb7
Ra4 40. Rb4 Rxa2 41. Rxh4 a5 42. Rh8 Kg5 43. Ra8 Kf4 44. c4 Rc2 45. Rxa5 Rxc4
46. Ra6 Kg5 47. Kf2 Rc2+ 48. Kf3 Rc3+ 49. Kf2 f4 50. h4+ Kxh4 1/2-1/2

[Event "SK Münster 2 - SV Hemer 1"]
[Site "NRW-Klasse - Gruppe 2 2021/20"]
[Date "2021.12.19"]
[Round "3.8"]
[White "Schroeder, Lennart"]
[Black "Zuleger, Detlev"]
[Result "1/2-1/2"]
[WhiteElo "1945"]
[BlackElo "1706"]
[PlyCount "90"]
[EventDate "2021.??.??"]
[SourceVersionDate "2020.03.16"]
[WhiteTeam "SK Münster 2"]
[BlackTeam "SV Hemer 1"]

1. d4 d5 2. c4 c6 3. Nf3 e6 4. Qc2 f5 5. Bf4 Nf6 6. Nbd2 Nbd7 7. e3 Ne4 8. Be2
Ndf6 9. O-O Bd6 10. Bxd6 Qxd6 11. Ne5 Nxd2 12. Qxd2 Ne4 13. Qc2 O-O 14. Bd3 Bd7
15. Bxe4 fxe4 16. f4 exf3 17. c5 Qe7 18. gxf3 Be8 19. Kh1 Rf5 20. Rg1 Rg5 21.
f4 Rxg1+ 22. Rxg1 Bh5 23. Rg5 g6 24. Qg2 Kh8 25. Qh3 Qf6 26. Qh4 Qg7 27. Kg1
Re8 28. Kf2 h6 29. Rg1 Kh7 30. Ke1 Qe7 31. Qxe7+ Rxe7 32. Kd2 Kg7 33. Kd3 Kf6
34. h4 Kf5 35. b4 Rc7 36. a4 a6 37. Rb1 Bg4 38. Rg1 h5 39. Rg3 Rg7 40. Kd2 Rc7
41. Kc3 Rg7 42. Kd3 Bd1 43. Rg5+ Kf6 44. a5 Ba4 45. Ke2 Bc2 1/2-1/2

[Event "Südlohner SV 1 - SV Horst-Emscher 1"]
[Site "NRW-Klasse - Gruppe 2 2021/20"]
[Date "2021.12.19"]
[Round "3.1"]
[White "Baerwolf, Steven"]
[Black "Voelker, Christian"]
[Result "1-0"]
[WhiteElo "2314"]
[BlackElo "2079"]
[PlyCount "67"]
[EventDate "2021.??.??"]
[SourceVersionDate "2020.03.16"]
[WhiteTeam "SV Horst-Emscher 1"]
[BlackTeam "Südlohner SV 1"]

1. e4 d5 2. exd5 Nf6 3. d4 Bg4 4. f3 Bf5 5. g4 Bg6 6. c4 e6 7. Nc3 exd5 8. g5
Nh5 9. f4 Bb4 10. f5 Bxf5 11. Qxh5 O-O 12. Bg2 Re8+ 13. Nge2 Qd7 14. h3 Bxc3+
15. bxc3 Bd3 16. Bf3 Bxc4 17. Qg4 Qc6 18. Bd2 Qa6 19. Kf2 Nd7 20. Rhe1 Nb6 21.
Kg1 c6 22. a4 Bd3 23. Nf4 Be4 24. Bxe4 dxe4 25. Nh5 Kh8 26. Rxe4 Qd3 27. Rae1
Rf8 28. Bf4 Nd5 29. Be5 Rg8 30. Qg3 Qxg3+ 31. Bxg3 Nxc3 32. Re7 Nd5 33. Rxf7
Rgf8 34. Rxg7 1-0

[Event "Südlohner SV 1 - SV Horst-Emscher 1"]
[Site "NRW-Klasse - Gruppe 2 2021/20"]
[Date "2021.12.19"]
[Round "3.2"]
[White "Funke, Reinhard"]
[Black "Rebentisch, Tom"]
[Result "0-1"]
[WhiteElo "2002"]
[BlackElo "2129"]
[PlyCount "84"]
[EventDate "2021.??.??"]
[SourceVersionDate "2020.03.16"]
[WhiteTeam "Südlohner SV 1"]
[BlackTeam "SV Horst-Emscher 1"]

1. Nf3 d5 2. d4 Nf6 3. c4 e6 4. Nc3 Be7 5. Bg5 O-O 6. e3 Nbd7 7. Bd3 c6 8. O-O
h6 9. Bxf6 Nxf6 10. Rc1 Bd6 11. Ne5 c5 12. Qe2 a6 13. b3 b6 14. cxd5 Bxe5 15.
dxe5 Nxd5 16. Ne4 Bb7 17. Nd6 Bc6 18. Qg4 Qg5 19. Qxg5 hxg5 20. a3 a5 21. Bb1
f6 22. Rfe1 Rfd8 23. g3 Ne7 24. e4 Ng6 25. exf6 Rxd6 26. e5 Nxe5 27. Rxe5 gxf6
28. Ree1 Kf7 29. Red1 Rad8 30. Rxd6 Rxd6 31. Kf1 Rd2 32. Bc2 Bf3 33. Ke1 Rd4
34. Kf1 g4 35. Ke1 f5 36. Rb1 Kf6 37. Rc1 Ke5 38. Rb1 Rd8 39. b4 axb4 40. axb4
c4 41. Ra1 Kd4 42. Ra3 Rh8 0-1

[Event "Südlohner SV 1 - SV Horst-Emscher 1"]
[Site "NRW-Klasse - Gruppe 2 2021/20"]
[Date "2021.12.19"]
[Round "3.3"]
[White "de Roda Husman, Juan"]
[Black "Kolakovic, Klaudio"]
[Result "1-0"]
[WhiteElo "2241"]
[BlackElo "2100"]
[PlyCount "83"]
[EventDate "2021.??.??"]
[SourceVersionDate "2020.03.16"]
[WhiteTeam "SV Horst-Emscher 1"]
[BlackTeam "Südlohner SV 1"]

1. e4 c5 2. Nc3 d6 3. Nf3 e5 4. Bc4 Be7 5. d3 Nc6 6. Nd5 Be6 7. c3 Bxd5 8. Bxd5
Qd7 9. Qb3 Bd8 10. O-O Nf6 11. Be3 O-O 12. a4 Nxd5 13. exd5 Ne7 14. d4 exd4 15.
cxd4 b6 16. a5 c4 17. Qxc4 bxa5 18. Bd2 Qb7 19. Bxa5 Nxd5 20. Bxd8 Rfxd8 21.
Ra5 Nb6 22. Qb3 h6 23. Rfa1 Rd7 24. d5 Rc7 25. Nd4 Qc8 26. Qd1 Nc4 27. Rb5 Rb8
28. b3 Ne5 29. h3 Rcb7 30. Rba5 Qd7 31. Ra6 Rc8 32. R6a5 Rc5 33. Kh2 Rc3 34.
Qe2 Rbc7 35. R1a2 Nd3 36. Qd2 Nb4 37. R2a4 Nc2 38. Nc6 R3xc6 39. dxc6 Rxc6 40.
Rc4 Qc7 41. Rxc6 Qxc6 42. Ra2 1-0

[Event "Südlohner SV 1 - SV Horst-Emscher 1"]
[Site "NRW-Klasse - Gruppe 2 2021/20"]
[Date "2021.12.19"]
[Round "3.4"]
[White "Engels, Natia"]
[Black "Buschmann, Andreas"]
[Result "1-0"]
[WhiteElo "2081"]
[BlackElo "2041"]
[PlyCount "93"]
[EventDate "2021.??.??"]
[SourceVersionDate "2020.03.16"]
[WhiteTeam "Südlohner SV 1"]
[BlackTeam "SV Horst-Emscher 1"]

1. Nf3 g6 2. d4 Bg7 3. g3 d6 4. Bg2 Nc6 5. d5 Nb4 6. c4 c5 7. a3 Na6 8. O-O Nf6
9. Nc3 O-O 10. e4 Nc7 11. Rb1 Ng4 12. h3 Ne5 13. Nxe5 Bxe5 14. Bh6 Re8 15. Qd2
e6 16. Ne2 exd5 17. cxd5 f5 18. b4 cxb4 19. Rxb4 Na6 20. Rc4 fxe4 21. Rxe4 Nc5
22. Re3 Bd7 23. f4 Bf6 24. f5 Rxe3 25. Bxe3 gxf5 26. Bxc5 dxc5 27. d6 Qe8 28.
Nf4 Bd4+ 29. Kh2 Qe5 30. Bd5+ Kg7 31. Re1 Qxd6 32. Ne6+ Bxe6 33. Qg5+ Kh8 34.
Bxe6 Re8 35. Qxf5 Bg7 36. Re2 b5 37. Qf7 Rf8 38. Qh5 c4 39. Qxb5 c3 40. Qh5 Qd4
41. Bf5 h6 42. Qg6 Kg8 43. Qh7+ Kf7 44. Bg6+ Kf6 45. Bc2 Kf7 46. Bb3+ Kf6 47.
Re6+ 1-0

[Event "Südlohner SV 1 - SV Horst-Emscher 1"]
[Site "NRW-Klasse - Gruppe 2 2021/20"]
[Date "2021.12.19"]
[Round "3.5"]
[White "Dementjew, Dmitriy"]
[Black "Darwisch, Khaled"]
[Result "1-0"]
[WhiteElo "1902"]
[BlackElo "2076"]
[PlyCount "75"]
[EventDate "2021.??.??"]
[SourceVersionDate "2020.03.16"]
[WhiteTeam "SV Horst-Emscher 1"]
[BlackTeam "Südlohner SV 1"]

1. b3 d6 2. e3 e5 3. Bb2 g6 4. f4 Bg7 5. Nf3 Nd7 6. Bc4 Qe7 7. O-O Ngf6 8. Nc3
c6 9. a4 O-O 10. Re1 e4 11. Nd4 c5 12. Ndb5 Nb6 13. Be2 a6 14. a5 axb5 15. axb6
Rxa1 16. Qxa1 b4 17. Nd5 Nxd5 18. Bxg7 Re8 19. Bc4 Be6 20. Bxd5 Bxd5 21. Bf6
Qf8 22. Qb2 Qh6 23. Ra1 Bc6 24. Ra5 Qf8 25. Qa2 h6 26. h3 d5 27. g4 Qd6 28. Qa1
d4 29. Be5 Rxe5 30. fxe5 Qxe5 31. Kg2 h5 32. Qxd4 Qxd4 33. exd4 e3+ 34. Kf1
exd2 35. Ke2 cxd4 36. gxh5 Bf3+ 37. Kxd2 Bxh5 38. Rd5 1-0

[Event "Südlohner SV 1 - SV Horst-Emscher 1"]
[Site "NRW-Klasse - Gruppe 2 2021/20"]
[Date "2021.12.19"]
[Round "3.6"]
[White "Teloeken, Andreas"]
[Black "Arndt, Olaf"]
[Result "1-0"]
[WhiteElo "2024"]
[BlackElo "1860"]
[PlyCount "69"]
[EventDate "2021.??.??"]
[SourceVersionDate "2020.03.16"]
[WhiteTeam "Südlohner SV 1"]
[BlackTeam "SV Horst-Emscher 1"]

1. Nf3 f5 2. d4 e6 3. c4 b6 4. g3 Bb7 5. Bg2 Nf6 6. O-O Be7 7. Nc3 O-O 8. d5
exd5 9. cxd5 Na6 10. Nd4 Ne8 11. Qc2 Nd6 12. Bf4 Nb4 13. Qb3 a5 14. Ncb5 Kh8
15. Rac1 Na6 16. Qc2 Nxb5 17. Nxb5 d6 18. Nd4 Qd7 19. e4 Rac8 20. Nxf5 Nb4 21.
Qb1 Ba6 22. Rfd1 Be2 23. Rd2 Bg4 24. Nxe7 Qxe7 25. Re1 Rce8 26. a3 Na6 27. b4
axb4 28. axb4 Qd7 29. Ra2 Ra8 30. e5 Bf5 31. Qb2 Bd3 32. Qd4 Qb5 33. exd6 cxd6
34. Re7 Rg8 35. Bh6 1-0